[Event "San Sebastian de los Reyes op U2200 2nd"]
[Site "San Sebastian de los Reyes"]
[Date "2019.05.26"]
[Round "6"]
[White "Martinez Alvarez, Manuel J"]
[Black "Gonzalez Morente, Jose A"]
[Result "1-0"]
[WhiteElo "1802"]
[BlackElo "1462"]
[PlyCount "77"]
[EventDate "2019.05.11"]
[EventType "swiss"]
[EventRounds "6"]
[EventCountry "ESP"]
[SourceTitle "EXT 2024"]
[Source "ChessBase"]
[SourceDate "2023.10.10"]
[SourceVersion "1"]
[SourceVersionDate "2023.10.10"]
[SourceQuality "1"]

1. d4 d5 2. c4 e6 3. Nf3 Nf6 4. Bg5 Be7 5. Nc3 0-0 6. e3 Nbd7 7. Bd3 b6 8. cxd5 exd5 9. 0-0 Bb7 10. Rc1 Rc8 11. Bf5 Ne4 12. Bxe7 Qxe7 13. Ne5 Nef6 14. Qa4 Rcd8 15. Nc6 Bxc6 16. Qxc6 Nb8 17. Qb7 a6 18. Na4 Qb4 19. b3 Ne8 20. Nb2 c6 21. Bb1 Nd6 22. Qe7 Rfe8 23. Qh4 h6 24. Nd3 Qb5 25. Ne5 Ne4 26. Bd3 Qa5 27. Qf4 Re7 28. Rc2 c5 29. f3 Nf6 30. Rfc1 Nfd7 31. Qf5 g6 32. Qf4 Nxe5 33. dxe5 Kh7 34. Qf6 Rde8 35. e6 Kg8 36. exf7+ Rxf7 37. Qxg6+ Kf8 38. Qxh6+ Ke7 39. Bg6 1-0